00257nam a2200109Ia 4500008004100000100001800041245002900059260002100088260000900109546001200118999001700130170619s9999 xx 000 0 und d aSedra / Smith 0aMicroelectronic Circuits bNew York; Oxford c2004 aENGLISH c17653d17653